000 00651nam a2200277Ia 4500
005 20260401125657.0
008 008 300114s9999 xx 000 0 eng d
020 _a9788122481662
037 _aEBOOK
040 _aCRL
040 _beng
040 _cCRL
041 _2eng
041 _aeng
084 _qCRL
100 _aDukkipati, Rao V.
245 0 _aProbability and Statistics for Scientists and Engineers
250 _a2
260 _bNew Age
260 _c2023
650 _aMathematics
856 _uhttps://digital.elib4u.com/product-details/687159
942 _cEBOOK
999 _c1847613
_d1847613